Sermón panegírico de San Juan Capistrano, que en la solemnidad del capítulo general, que el día 28 de mayo del 78 celebró la...

Detalles Bibliográficos
Autor principal: MARIN, José (Fray)
Formato: Libro
Publicado: México 1786
Materias:
Colección:Banco de datos
Acervo:Biblioteca del Ex Convento de Nuestra Señora de Guadalupe. Zacatecas
Tema general:Homilética
Notas:Buena. XI,8,8(3729). Encuadernado en un solo volumen con 10 sermones en honor a distintos santos. Sin marca de fuego
LEADER 00852nam a22001930004500
035 |a 42781 
036 |a 3965 
100 1 |a MARIN, José (Fray) 
245 1 0 |a Sermón panegírico de San Juan Capistrano, que en la solemnidad del capítulo general, que el día 28 de mayo del 78 celebró la... 
260 |a México  |b Felipe de Zúñiga y Ontiveros  |c 1786 
500 |a Buena. XI,8,8(3729). Encuadernado en un solo volumen con 10 sermones en honor a distintos santos. Sin marca de fuego 
650 1 0 |a Homilética 
949 |a CRZ-CG 
959 |a Ex convento de Nuestra Señora de Guadalupe, Museo Regional de Zacatecas, Zacatecas  |b CCC4 
960 |a Convento de Nuestra Señora de Guadalupe, Zacatecas  |b DD87 
961 |a Franciscana  |b OF 
942 |c CRZ-CG 
943 |g Biblioteca del Ex Convento de Nuestra Señora de Guadalupe. Zacatecas 
999 |c 966908  |d 966908